Common Knowledge #12 - Statistics

General Stats
  • This quiz has been taken 1,597 times
  • The average score is 14 of 20
Answer Stats
Hint Answer % Correct
In a traditional game of rock, paper, scissors, what beats rock? Paper
96%
How many "Wonders of the World" are there? 7
95%
Which famous ocean liner sank on her first voyage in 1912? The Titanic
94%
Which country did Justin Bieber come from? Canada
91%
Which country has the largest population? China
91%
What is the name of molten rock after a volcanic eruption? Lava
86%
Which state was the 50th state to join the union? Hawaii
84%
What color is the arrow in Amazon.com's logo? Orange
84%
Can you name one of the seven dwarves in Snow White? Sleepy | Sneezy | Happy | Grumpy | Dopey | Doc | Dashful
84%
What is the nickname for the bell of the clock at the Palace of Westminster in London? Big Ben
82%
Who invented the telephone? Alexander Graham Bell
72%
What is the part of the human eye that controls the amount of light that passes through the pupil? Iris
71%
What is the 6th word in the Pledge of Allegiance? Flag
68%
What mountain range is Mount Everest in? Himalayas
68%
What was the last name of the flying pioneers Orville and Wilbur? Wright
68%
What do you call an animal that can live on land and water? Amphibian
56%
What is a typical pass in volleyball called? Bump
37%
What’s the name of the town where The Flintstones live? Bedrock
33%
What is the imaginary line called that connects the north and south poles? Prime Meridian
31%
What is the hardest substance in your body? Tooth enamel
24%
No matching quizzes found
Score Distribution
Percent of People with Each Score
Percentile by Number Answered
Your Score History
You have not taken this quiz